000 00685nam a2200265Ia 4500
005 20260302113941.0
008 008 260114s9999 xx 000 0 eng d
020 _a9781350485457
037 _aTextbook
040 _aCRL
040 _beng
040 _cCRL
041 _2eng
041 _aeng
084 _qCRL
100 _aN.F. Blake, Jean Moorhead
_91117302
245 0 _aIntroduction to English Language
260 _bBloomsbury
260 _bBloomsbury Academic
260 _c1993
650 _aLinguistics
856 _uhttps://doi.org/10.1007/978-1-349-22869-0?locatt=label:secondary_bloomsburyCollections
942 _cEBOOK
999 _c1680810
_d1680810